Statistiken für Österreich EM-Kader 2008

Klicken Sie hier um das Quiz zu spielen!

Allgemein

  • Dieses Quiz wurde 11 mal gespielt
  • Das Durchschnittsergebnis liegt bei 9 aus 24

Antwortstatistiken

HintHintAntwort% Korrekt
MittelfeldPanathinaikosAndreas Ivanschitz
70%
TorwartAEK AthenJürgen Macho
70%
VerteidigungSturm GrazSebastian Prödl
70%
SturmLASKIvica Vastic
60%
TorwartAC SienaAlexander Manninger
50%
MittelfeldRB SalzburgChristoph Leitgeb
50%
TorwartTSG HoffenheimRamazan Özcan
50%
MittelfeldRB SalzburgRene Aufhauser
50%
VerteidigungMiddlesbroughEmanuel Pogatetz
40%
SturmRapid WienErwin Hoffer
40%
VerteidigungSSC NapoliGyörgy Garics
40%
SturmSporting BragaRoland Linz
40%
SturmHamarkamerateneRoman Kienast
40%
TrainerJosef Hickersberger
30%
MittelfeldWerder BremenMartin Harnik
30%
VerteidigungSpartak MoskauMartin Stranzl
30%
VerteidigungAustria WienRonald Gercaliu
30%
MittelfeldSV MattersburgChristian Fuchs
20%
MittelfeldAustria WienJoachim Standfest
20%
VerteidigungRapid WienJürgen Patocka
20%
VerteidigungSK Austria KärntenMarin Hiden
20%
MittelfeldSturm GrazJürgen Säumel
0%
VerteidigungRapid WienMarkus Kratzer
0%
MittelfeldRapid WienÜmit Korkmaz
0%

Verteilung der Resultate

Perzentil nach korrekt beantworteten Fragen

Anzahl Personen mit jedem Resultat

Ihre Resultats-Entwicklung

Sie haben dieses Quiz noch nicht gespielt